000 00597nam a2200229Ia 4500
003 OSt
005 20220918214507.0
006 a|||||r|||| 00| 0
007 ta
008 220917b |||||||| |||| 00| 0 eng d
024 _a137,676
037 _cTextual
040 _aARTS
_cARTS
_beng
041 _2eng
_aeng
082 _aYxM05, M6
100 _aPope Whitney
_9131494
245 0 _aAlexis de tocquevilla social and political theory
260 _aLondon
_bSage
_c1986
650 _aSOCIOLOGY
942 _hYxM05, M6
_cTEXL
_2CC
999 _c260755
_d260755